Skład Manchesteru City Sezon 23/24 - Statystyki

Ogólne statystyki
  • Ten quiz został rozwiązany 158 razy
  • Średni wynik to 14 z 25
Statystyki odpowiedzi
Pozycja Nazwisko % Poprawnych
Bramkarz Ederson
95%
Napastnik Haaland
94%
Pomocnik De Bruyne
88%
Napastnik Foden
80%
Obrońca Walker
79%
Obrońca Dias
73%
Pomocnik Rodri
73%
Pomocnik Silva
73%
Bramkarz Ortega
70%
Obrońca Ake
69%
Napastnik Alvarez
66%
Obrońca Stones
66%
Napastnik Grealish
63%
Obrońca Gvardiol
60%
Obrońca Akanji
55%
Napastnik Doku
55%
Bramkarz Carson
50%
Obrońca Lewis
48%
Pomocnik Kovacic
43%
Napastnik Bobb
36%
Pomocnik Nunes
27%
Bramkarz Steffen
25%
Pomocnik Phillips
23%
Obrońca Gomez
22%
Napastnik Hamilton
12%
Nie znaleziono quizów pasujących do podanych kryteriów
Rozkład punktacji
Procent ludzi z każdym wynikiem
Percentyl według liczby udzielonych odpowiedzi
Twoja historia wyników
Nie rozwiązałeś tego quizu